00647nam a2200205 a 450000100060000000300080000600500170001400800410003102000200007203500190009204000360011104100080014708200260015510000220018124500950020326000440029830000350034250400360037765000280041352872BD-RjUL20211209075856.0160928s1964 ii 000 0 eng  c : PRs. 20.00 a(BD-RjUL)52992 aDLCcFTaSUdFTaSUdBD-RjULbeng aeng 223a368.954bSRS 19641 aSrivastava, P. C.10aSocial security in India /c P. C. Srivastava, With a foreword by Acharya Shriman Narayan. aIndia :bLokbharti Publications,c1964. axxx, 376 p. :bill. ;c23 cm. aIncludes Bibliography and Index 0aSocial securityzIndia.